00878nam a22002777a 450000500170000000800410001701000100005801100100006803500100007808200130008811000450010124500610014626000410020730000150024850000130026359000410027659000410031759000410035859000420039965000360044165000220047765000250049990100070052494900520053199900170058320220329141247.0971010s1987 r 00010 d a65331 a66303 a74368 a627bC7y aCRANE. División de Ingeniería928834 aFlujo de fluídos en válvula, accesorios y tuberías aMéxico, D.F. :bMcGraw-Hill,c1987 ac.a. 210 p a1992-301 aBATCH-UPDb10c20130110lUCH01h0914 aBATCH-UPDb10c20130410lUCH01h0538 aBATCH-UPDb10c20130914lUCH01h1421 aCONVERSIONb10c20130109lUCH01h133614aDinámica de fluídos.93262714aFluídos.94189614aHidráulica.955219 aBK a627 C7ybIcLIBROd-7234eLIBROh4062i74368si c65331d65331